00408 2200157 4500001002100000008004100021035002000062245005900082100002600141250000600167260003300173084001400206082000800220650001000228990001200238INLIS000000000001549 ind  a0010-0125000047 aPerempuan di Persimpangan ZamancS. Takdir Alisjahbana aS. Takdir Alisjahbana a1 aJakarta :bDian Rakyatc1996 a800 TAK p a800 aFiksi a0715298